00731nam a2200229 a 4500001001300000005001700013007000600030008004100036020001800077035001200095100002100107245011700128250001300245260003500258300004300293500006600336504002000402506001700422650001600439700002300455700002300478rea00042675 20190703235631.0ta|||110720s2010 nju e 001 0 eng d a9780470418918 zNO CTRL1 aKieso, Donald E.10aIntermediate accounting :bInternational student versioncDonald E. Kieso, Jerry J. Weygandt, Terry D. Warfield. a13th ed. aHoboken, NJ. :bWiley,cc2010. axxxii, 1379 p. :bCol., ill. ;c27 cm. aAn accompanying material guide available at the reserve desk. aIncludes index. aOpen Access. 0aAccounting.1 aWeigandt, Jerry J.1 aWarfield, Terry D.